Loading de A à Z - Statistiques

Statistiques générales
  • Ce quiz a été pris 12 fois
    9 depuis la dernière actualisation
  • Le résultat moyen est 18 sur 26
Statistiques - réponses
Lettre Question Réponse % Correct
J Joueur Franco-Marocain Jam
100%
U Tomote -_- UwU
100%
V Community Manager Virtuoz
100%
Y Son prénom à l'envers Ynos
100%
A Ancien joueur EdenEsport et Vanalia AckSter
67%
B Nom de la line-up 1 Black
67%
C Le rôle de Auwrah chez Loading Créateur de contenu / Content Creator
67%
D Joueur dont le surnom est "Dada" Dark / Daregenn
67%
E Compétition portant le nom de l'équipe EscaLoading
67%
F Manager Flow
67%
G Joueur ayant gagné 2 LAN Loading d'affilées Gold
67%
H LAN où un joueur Loading à fait Demi-Finale Holy'n Lyon
67%
I Est revenu 5 ans après son départ iStOrm
67%
K Style de map ou Flow passe la moitié de son temps Kacky
67%
L Compétition solo organisé par Loading LSC / Loading Solo Championship
67%
M Jean-Pouce Milo
67%
N Joueur ayant joué plusieurs compétition avec Loading, mais n'en fais pas parti Nicsoby
67%
O Ancien joueur Loading, tout récent joueur Loading Oxid
67%
P Le plus grand athlète Phenixo
67%
R Compétition où tout les Loading ont gagné tout le cash price RCOTW / Random Cup of The Week
67%
S A quasiment battu Feed en 1vs1 Scooper
67%
T Uptempo Lover Tommy
67%
W Nom de la line-up 2 White
67%
Z Le goat du Kacky Zezeyy / Zelioxx
67%
Q Place de Loading Rattatouille au 12H TFH #1 Quarante-et-un / 41 / Quarante et un
33%
X A rejoint Loading en line-up Valorant Xicub
33%
Aucun quiz correspondant
Distribution des résultats
% des personnes avec chaque résultat
Percentile par nombre de réponses
Votre historique - résultats
Vous n’avez pas pris ce quiz depuis la dernière actualisation